Environmental performance monitoring systems
保存先:
| フォーマット: | 図書 |
|---|---|
| 言語: | Undetermined |
| 出版事項: |
London
Investment in Quality and Worldwide Service
1992
|
| 主題: | |
| タグ: |
タグ追加
タグなし, このレコードへの初めてのタグを付けませんか!
|
| Thư viện lưu trữ: | Trung tâm Học liệu Trường Đại học Cần Thơ |
|---|
| LEADER | 00480nam a2200169Ia 4500 | ||
|---|---|---|---|
| 001 | CTU_23481 | ||
| 008 | 210402s9999 xx 000 0 und d | ||
| 082 | |a 363.7025 | ||
| 082 | |b E56 | ||
| 245 | 0 | |a Environmental performance monitoring systems | |
| 260 | |a London | ||
| 260 | |b Investment in Quality and Worldwide Service | ||
| 260 | |c 1992 | ||
| 650 | |a environmental monitoring | ||
| 650 | |x Catalog | ||
| 904 | |i Truc | ||
| 980 | |a Trung tâm Học liệu Trường Đại học Cần Thơ | ||